New Products and Their Launching on the Food Market
Analýza nových potravinárskych výrobkov na slovenskom trhu, problémy súvisiace s ich uvedením na jednotný európsky trh. Názory spotrebiteľov na základe dotazníkového prieskumu na Slovensku. Geneticky modifikované potraviny, biopotraviny, funkčné potraviny, nanopotraviny.
Enregistré dans:
| Auteur principal: | |
|---|---|
| Autres auteurs: | |
| Format: | Chapitre de livre |
| Langue: | anglais |
| Sujets: | |
| Tags: |
Pas de tags, Soyez le premier à ajouter un tag!
|
MARC
| LEADER | 00000naa$a2200000$$$4500 | ||
|---|---|---|---|
| 001 | 0246379 | ||
| 005 | 20240502083657.4 | ||
| 041 | 0 | |a eng | |
| 044 | |a PL | ||
| 245 | 1 | 0 | |a New Products and Their Launching on the Food Market |c Alica Lacková, Eleonóra Zsapková |
| 520 | |a Analýza nových potravinárskych výrobkov na slovenskom trhu, problémy súvisiace s ich uvedením na jednotný európsky trh. Názory spotrebiteľov na základe dotazníkového prieskumu na Slovensku. Geneticky modifikované potraviny, biopotraviny, funkčné potraviny, nanopotraviny. | ||
| 610 | 2 | 0 | |a potraviny |
| 610 | 2 | 0 | |a trh potravinový |
| 610 | 2 | 0 | |a trh jednotný |
| 610 | 2 | 0 | |a priemysel potravinársky |
| 610 | 2 | 0 | |a inovácia |
| 610 | 2 | 0 | |a technológia |
| 610 | 2 | 0 | |a legislatíva |
| 610 | 2 | 0 | |a Slovensko |
| 610 | 2 | 0 | |a Európska únia |
| 610 | 2 | 0 | |a biopotraviny |
| 610 | 2 | 0 | |a nanotechnológie |
| 610 | 2 | 0 | |a potraviny modifikované geneticky |
| 100 | 1 | |a Lacková, Alica | |
| 700 | 1 | |a Zsapková, Eleonóra | |